| 000 | 00808nam a22002417a 4500 | ||
|---|---|---|---|
| 005 | 20240530110952.0 | ||
| 008 | 221204s2008 au a f b 000 0 eng d | ||
| 017 | _a2007/6/1880 | ||
| 020 | _a9789957075347 | ||
| 040 |
_aEG-CaGPL _cEG-CaGPL |
||
| 082 | 0 | 4 |
_221 _a622.1828 _bع ب |
| 100 | 0 | _aعبدالمقتدر عبدالعزيزالسيد | |
| 245 | 1 | 0 |
_aالبترول وطرق اكتشافه / _cتاليف عبدالمقتدر عبدالعزيزالسيد |
| 250 | _aط.1 | ||
| 260 |
_aعمان : _bدار الفكر، _c2008 |
||
| 300 |
_a264 ص. ؛ _c24 سم. |
||
| 650 | 0 | 7 |
_2qrmak _aالبترول |
| 650 | 0 | 7 | _aمصادر الطاقة |
| 651 | _2qrmak | ||
| 700 | _aعبدالمقتدر عبدالعزيز السيد | ||
| 942 |
_2ddc _cBK |
||
| 999 |
_c67013 _d67013 |
||